000 00283nam a2200109Ia 4500
008 210430s9999 xx 000 0 und d
082 _a954.91 N253H
100 _aDr. Inam Ul Haq
_954574
245 _aNazriya e Pakistan or Quran
_cDr. Inam Ul Haq
300 _a240
942 _cBK
_2ddc
999 _c565197
_d565197